Guess the 1960s song lyrics #326 - Statistics

General Stats
  • This quiz has been taken 9 times
  • The average score is 146 of 230
Answer Stats
Answer % Correct
be
100%
I
100%
love
100%
my
100%
see
100%
to
100%
To
100%
too
100%
you
100%
your
100%
can't
88%
Can't
88%
know
88%
me
88%
no
88%
that
88%
and
75%
Hear
75%
if
75%
I'm
75%
in
75%
It
75%
I've
75%
won't
75%
arms
63%
baby
63%
Don't
63%
Even
63%
Here
63%
hold
63%
let
63%
now
63%
Oh
63%
Time
63%
want
63%
you'll
63%
Ah
50%
ah
50%
forever
50%
long
50%
man
50%
said
50%
though
50%
wait
50%
Wait
50%
waited
50%
pretty
38%
Take
38%
take
38%
true
38%
up
38%
back
25%
come
25%
Outsiders
25%
right
25%
coming
13%
Heart
13%
home
13%
Open
13%
talking
13%
Wow
13%
No matching quizzes found
Score Distribution
Percent of People with Each Score
Percentile by Number Answered
Your Score History
You have not taken this quiz